000 00413nam a22001217a 4500
999 _c1462
_d1462
005 20200831152743.0
008 200831b ||||| |||| 00| 0 eng d
020 _a0521283778
040 _cCML
245 _aIndividualized Mathematics: Geometry 1 Symmetry and Trigonometry.
_cThe School Mathematics Project.
260 _aCambridge
_bCambridge University Press
_c1961
942 _2ddc
_cBK
_h510
_mSCH